<?xml version="1.0" encoding="UTF-8"?>
<record
    xmlns:xsi="http://www.w3.org/2001/XMLSchema-instance"
    xsi:schemaLocation="http://www.loc.gov/MARC21/slim http://www.loc.gov/standards/marcxml/schema/MARC21slim.xsd"
    xmlns="http://www.loc.gov/MARC21/slim">

  <leader>00542nam a22001577a 4500</leader>
  <datafield tag="999" ind1=" " ind2=" ">
    <subfield code="c">63340</subfield>
    <subfield code="d">63340</subfield>
  </datafield>
  <controlfield tag="005">20250919152848.0</controlfield>
  <controlfield tag="008">250919s1994    gw ||||| |||| 00| 0 goh d</controlfield>
  <datafield tag="020" ind1=" " ind2=" ">
    <subfield code="a">9783860704585x</subfield>
  </datafield>
  <datafield tag="080" ind1=" " ind2=" ">
    <subfield code="a">821.14'02-343.03=112.2</subfield>
  </datafield>
  <datafield tag="100" ind1=" " ind2=" ">
    <subfield code="a">Schwab,Gustav </subfield>
    <subfield code="9">25846</subfield>
  </datafield>
  <datafield tag="245" ind1=" " ind2=" ">
    <subfield code="a">Sagen des klassischen Altertums /</subfield>
    <subfield code="c">Gustav Schwab.</subfield>
  </datafield>
  <datafield tag="264" ind1=" " ind2=" ">
    <subfield code="a">Karl M&#xFC;ller :</subfield>
    <subfield code="b">Erlangen, </subfield>
    <subfield code="c">1994.</subfield>
  </datafield>
  <datafield tag="300" ind1=" " ind2=" ">
    <subfield code="a">575 p. </subfield>
    <subfield code="b">Ill. </subfield>
    <subfield code="c">23 cm</subfield>
  </datafield>
  <datafield tag="653" ind1=" " ind2=" ">
    <subfield code="a">&#x10D9;&#x10DA;&#x10D0;&#x10E1;&#x10D8;&#x10D9;&#x10E3;&#x10E0;&#x10D8; &#x10D0;&#x10DC;&#x10E2;&#x10D8;&#x10D9;&#x10E3;&#x10E0;&#x10DD;&#x10D1;&#x10D8;&#x10E1; &#x10DA;&#x10D4;&#x10D2;&#x10D4;&#x10DC;&#x10D3;&#x10D4;&#x10D1;&#x10D8;</subfield>
  </datafield>
  <datafield tag="942" ind1=" " ind2=" ">
    <subfield code="2">udc</subfield>
    <subfield code="c">&#x1CAC;&#x1C98;&#x1C92;&#x1C9C;&#x1C98;</subfield>
  </datafield>
  <datafield tag="952" ind1=" " ind2=" ">
    <subfield code="0">0</subfield>
    <subfield code="1">0</subfield>
    <subfield code="2">udc</subfield>
    <subfield code="4">0</subfield>
    <subfield code="6">8211402343031122</subfield>
    <subfield code="7">0</subfield>
    <subfield code="9">103989</subfield>
    <subfield code="a">CPL</subfield>
    <subfield code="b">CPL</subfield>
    <subfield code="c">GEN</subfield>
    <subfield code="d">2025-09-19</subfield>
    <subfield code="g">10.00</subfield>
    <subfield code="o">821.14'02-343.03=112.2</subfield>
    <subfield code="p">72369</subfield>
    <subfield code="r">2025-09-19</subfield>
    <subfield code="t">72369</subfield>
    <subfield code="w">2025-09-19</subfield>
    <subfield code="y">&#x1CAC;&#x1C98;&#x1C92;&#x1C9C;&#x1C98;</subfield>
    <subfield code="z">10 &#x10DA;.</subfield>
  </datafield>
</record>
